Konkurz a reštrukturalizácia podniku v nových podmienkach

Dopad novej právnej úpravy konkurzu a reštrukturalizácie na ekonomické a právne vzťahy v podmienkach trhového hospodárstva. Analýza súčasného stavu.

Saved in:
Bibliographic Details
Main Author: Kmeťová, Oľga, 1959-
Format: Book Chapter
Language:Slovak
Subjects:
Tags: Add Tag
No Tags, Be the first to tag this record!

MARC

LEADER 00000naa a2200000 4500
001 0149923
005 20240502072709.9
041 0 |a slo 
044 |a SK 
245 1 0 |a Konkurz a reštrukturalizácia podniku v nových podmienkach  |c Oľga Kmeťová 
520 |a Dopad novej právnej úpravy konkurzu a reštrukturalizácie na ekonomické a právne vzťahy v podmienkach trhového hospodárstva. Analýza súčasného stavu. 
610 2 0 |a konkurzy 
610 2 0 |a podnik 
610 2 0 |a reštrukturalizácia 
610 2 0 |a prostredie ekonomické 
610 2 0 |a podnikatelia 
610 2 0 |a legislatíva 
610 2 0 |a Slovensko 
100 1 |a Kmeťová, Oľga, 1959-